Comes pastoralis: ad usum sacerdotum in functionibus sacris passim obviis, et praesertim in cura infirmorum ac morientium : accedit appendix piarum precum in usum privatum sacerdotum

Saved in:  
Bibliographic Details
Contributors: Wacker, Ferdinand (Other)
Format: Print Book
Language:Latin
Subito Delivery Service: Order now.
Check availability: HBZ Gateway
WorldCat: WorldCat
Interlibrary Loan:Interlibrary Loan for the Fachinformationsdienste (Specialized Information Services in Germany)
Published: Paderbornae Junfermann 1928
In:Year: 1928
Edition:Ed. 19
Standardized Subjects / Keyword chains:B Holy See (motif), Diözese Paderborn

MARC

LEADER 00000cam a2200000 c 4500
001 1484579186
003 DE-627
005 20220602100706.0
007 tu
008 140916s1928 gw ||||| 00| ||lat c
035 |a (DE-627)1484579186 
035 |a (DE-576)414579186 
035 |a (DE-599)BSZ414579186 
035 |a (OCoLC)758083866 
040 |a DE-627  |b ger  |c DE-627  |e rakwb 
041 |a lat 
044 |c XA-DE 
084 |a 1  |2 ssgn 
245 0 0 |a Comes pastoralis  |b ad usum sacerdotum in functionibus sacris passim obviis, et praesertim in cura infirmorum ac morientium : accedit appendix piarum precum in usum privatum sacerdotum  |c curavit F. Wacker 
250 |a Ed. 19 
264 1 |a Paderbornae  |b Junfermann  |c 1928 
300 |a 298 S. 
336 |a Text  |b txt  |2 rdacontent 
337 |a ohne Hilfsmittel zu benutzen  |b n  |2 rdamedia 
338 |a Band  |b nc  |2 rdacarrier 
583 1 |a Archivierung prüfen  |c 20200919  |f DE-640  |z 1  |2 pdager 
689 0 0 |d b  |0 (DE-588)1112633138  |0 (DE-627)866703535  |0 (DE-576)476700280  |2 gnd  |a Katholische Kirche  |b Diözese Paderborn 
689 0 |5 (DE-627) 
700 1 |a Wacker, Ferdinand  |4 oth 
751 |a Paderborn  |4 pup 
951 |a BO 
ELC |b 1 
ORI |a SA-MARC-ixtheo_oa001.raw 
SYG 0 0 |a Diözese Paderborn,Diocesis Paderbornensis,Bistum Paderborn 
TIM |a 000000000000_100019301231  |b  - 1930